All of my professor's office hours - Statistics

General Stats
  • This quiz has been taken 8 times
  • The average score is 2 of 26
Answer Stats
Hint Answer % Correct
English Class:What days? Monday AND Wednesday
100%
English Class:What times? 1 to 2 P.M.
50%
Public Speaking Class:What time on Monday? 10 to 11 A.M.
0%
Biogeography Class: What time for Tuesday? 10 to 11 A.M.
0%
Biogeography Class:What time for the other day? 10 to 11 A.M.
0%
Cultural Geography Class:What time for Tuesday? 11:00 A.M. to 12:00 P.M.
0%
Modern East Asian History Class:What time on Wednesday? 11:30 to 12:20 PM
0%
Public Speaking Class: What time the other day? 11 to 12 P.M.
0%
Academic Success and Career Development Class: What time on Wednesday? 2:00 to 3:00 PM
0%
Cultural Geography Class:What time for the other day? 2:00 to 3:00 P.M.
0%
English Class:Where is my English professor's office? Andrews 324
0%
Public Speaking Class:Where is my Public Speaking professor's office? Louise Pound Hall 363
0%
Public Speaking Class:What days? Monday AND Tuesday
0%
Cultural Geography Class:Where is my Cultural Geography professor's office? Oldfather 933
0%
Academic Success and Career Development Class:Where is my Academic Success and Career Development professor's office? Oldfather Hall 816A
0%
Modern East Asian History Class:Where is my Modern East Asian History professor's office? Oldfather Hall 829
0%
Biogeography Class:Does my Biogeography professor allow appointments? Oldfather Hall 926
0%
Cultural Geography Class: What days? Tuesday AND Thursday
0%
Biogeography Class:What days? Tuesday AND Thursday
0%
Modern East Asian History Class:What day? Wednesday
0%
Academic Success and Career Development Class:What day? Wednesday
0%
English Class:Does my English professor allow appointments? Yes
0%
Public Speaking Class: Does my Public Speaking professor allow appointments? Yes
0%
Modern East Asian History Class:Does my Modern East Asian History professor allow appointments? Yes
0%
Academic Success and Career Development Class:Does my Academic Success and Career Development professor allow appointments? Yes
0%
Cultural Geography Class:Does my Cultural Geography professor allow appointments? Yes
0%
No matching quizzes found
Score Distribution
Percent of People with Each Score
Percentile by Number Answered
Your Score History
You have not taken this quiz